| 000 | 00703nam a22001217a 4500 | ||
|---|---|---|---|
| 040 | _cRUA | ||
| 082 | _aLMA TRY 2024 B701 Or.1 | ||
| 100 | _aTRY THEARITH, ទ្រី ធារិទ្ធ | ||
| 245 | _aA Study On The Effectiveness Of Systematic Land Registration In Khchay Khang Cheung Commune, Dong Tong District, Kampot Provincen,សិក្សាអំពីប្រសិទ្ធភាពក្នុងការចុះបញ្ជីដីធ្លីលក្ខណៈជាប្រព័ន្ធ នៅឃុំខ្ចាយខាងជើង ស្រុកដងទង់ ខេត្តកំពត | ||
| 260 |
_aPHNOM PENH _bRUA _c2024 |
||
| 300 |
_ax, _bill, _c29m, |
||
| 942 | _cLMA | ||
| 999 |
_c25330 _d25330 |
||